| 000 | 00657cab a2200217 4500 | ||
|---|---|---|---|
| 001 | X3612 | ||
| 008 | 090401t1996 xxu||||| |||| 00| 0 eng d | ||
| 035 | _a(Sirsi) u31509 | ||
| 041 | _aeng | ||
| 245 | _aOptions for chattels auctioneers | ||
| 260 | _c1996 | ||
| 350 | _a0 | ||
| 490 |
_aCSM (Chartered Surveyor Monthly) _v5(8) May 1996, 60(1) |
||
| 520 | _aChattels auctioneers have three options with regard to the RICS members accounts regulations. | ||
| 650 | _aCHATTELS AUCTIONEERS | ||
| 650 | _aCLIENTS MONEY PROTECTION SCHEME | ||
| 650 | _aRICS MEMBERS' ACCOUNTS RULES | ||
| 690 |
_aAuctioneering _96218 |
||
| 942 | _n0 | ||
| 948 | _c04/03/1997 | ||
| 999 |
_c21155 _d21155 |
||